the hardy boys mystery stories 33 (Record no. 8599)

MARC details
000 -LEADER
fixed length control field 00927nam a22001697a 4500
003 - CONTROL NUMBER IDENTIFIER
control field OSt
005 - DATE AND TIME OF LATEST TRANSACTION
control field 20260303083042.0
008 - FIXED-LENGTH DATA ELEMENTS--GENERAL INFORMATION
fixed length control field 260303b |||||||| |||| 00| 0 eng d
040 ## - CATALOGING SOURCE
Original cataloging agency DWCL GS library
Transcribing agency OC
082 ## - DEWEY DECIMAL CLASSIFICATION NUMBER
Classification number Fic. D621y 2008
100 ## - MAIN ENTRY--PERSONAL NAME
Personal name Dixon, Franklin W.
245 ## - TITLE STATEMENT
Title the hardy boys mystery stories 33
Remainder of title : the yellow feather mystery
Statement of responsibility, etc. Franklin W. Dixon
260 ## - PUBLICATION, DISTRIBUTION, ETC.
Place of publication, distribution, etc. Canada
Name of publisher, distributor, etc. Grosset & Dunlap
Date of publication, distribution, etc. c1953
300 ## - PHYSICAL DESCRIPTION
Extent 181
Other physical details illustrations
Dimensions 19cm
520 ## - SUMMARY, ETC.
Summary, etc. The Hardy Boys #33: The Yellow Feather Mystery (1954) follows Frank and Joe Hardy as they help college student Greg Woodson locate his grandfather’s missing will. The brothers investigate the sinister Henry Kurt, acting headmaster of Woodson Academy, who is trying to steal the inheritance. They face dangerous assailants while uncovering hidden rooms to solve the mystery.
942 ## - ADDED ENTRY ELEMENTS (KOHA)
Source of classification or shelving scheme Dewey Decimal Classification
Koha item type Fiction
Classification part Fic. D621y 2008
Suppress in OPAC No
952 ## - LOCATION AND ITEM INFORMATION (KOHA)
--
Holdings
Withdrawn status Lost status Source of classification or shelving scheme Damaged status Not for loan Home library Current library Shelving location Date acquired Source of acquisition Total Checkouts Full call number Barcode Date last seen Price effective from Koha item type Uniform Resource Identifier
    Dewey Decimal Classification     Grade School Library Grade School Library Fiction 03/03/2026 School Fund, Donation   Fic. D621y 20234 03/03/2026 03/03/2026 FIC.